Retratos agroecológicos de huertas y jardines de la microcuenca del río Curubital / (Registro nro. 19611)

Detalles MARC
000 -CABECERA
Campo de control 01031nam a2200265 a 4500
005 - FECHA Y HORA DE LA ULTIMA TRANSACCION
Campo de control 20171111020002.0
008 - ELEMENTOS DE LONGITUD FIJA—INFORMACION GENERAL
Campo de control 170612s2015 ck ado||r|||| 00| 0 spa d
020 ## - ISBN
ISBN 97895885762820
040 ## - FUENTE DE CATALOGACIÓN
Agencia catalogadora original CO-BoIAVH
Agencia transcriptora CO-BoIAVH
041 0# - IDIOMA
Código de idioma para texto/pista de sonido o título separado Español
044 ## - PAÍS DE PUBLICACIÓN
País de publicación Colombia
082 04 - NUMERO DE CLASIFICACION DECIMAL DEWEY
Número de clasificación 635
Número del ítem R31a
245 00 - MENCION DE TITULO
Título Retratos agroecológicos de huertas y jardines de la microcuenca del río Curubital /
Mención de responsabilidad contenidos por Stefan Ortíz
250 ## - MENCION DE EDICION
Mención de edición Primera edición
260 ## - PUBLICACION, DISTRIBUCION, ETC. (PIE DE IMPRENTA)
Lugar de publicación, distribución, etc. Bogotá (Colombia) :
Nombre del editor, distribuidor, etc. Jardín Botánico José Celestino Mutis,
Fecha de publicación, distribución, etc. 2015.
300 ## - DESCRIPCION FISICA
Extensión 187 páginas :
Otros detalles físicos ilustraciones a color, tablas y fotografías a color ;
Dimensiones 24 x 17 cm.
490 0# - MENCION DE SERIE
Mención de serie Educación y cultura ;
Designación numérica/secuencial del volumen no. 3
500 ## - NOTA GENERAL
Nota general Incluye anexos.
504 ## - NOTA DE BIBLIOGRAFIA, ETC.
Nota de bibliografía Incluye referencias bibliográficas e índices.
650 26 - ASIENTO SECUNDARIO DE MATERIA - TERMINO TEMATICO
Término temático o nombre geográfico como elemento de entrada Horticultura
Subdivisión geográfica Bogotá (Colombia)
9 (RLIN) 82070
650 26 - ASIENTO SECUNDARIO DE MATERIA - TERMINO TEMATICO
Término temático o nombre geográfico como elemento de entrada Jardinería
Subdivisión geográfica Bogotá (Colombia)
9 (RLIN) 82071
650 26 - ASIENTO SECUNDARIO DE MATERIA - TERMINO TEMATICO
Término temático o nombre geográfico como elemento de entrada Etnobotánica
Subdivisión geográfica Bogotá (Colombia)
9 (RLIN) 82072
700 1# - ASIENTO SECUNDARIO - NOMBRE PERSONAL
Nombre personal Ortiz, Stefan
Término de relación investigador
-- contenidos
9 (RLIN) 76918
942 ## - ELEMENTOS ADICIONALES (KOHA)
Sistema de clasificación Dewey Decimal Classification
Tipo de ítem Libro
Koha issues (borrowed), all copies 1
Existencias
Withdrawn status Lost status Sistema de Clasificación Damaged status No para préstamo Colección Inventariado Ubicación Permanente Ubicación actual Fecha de adquisición Fuente de Valor Valor Total Checkouts Número topográfico Inventario / Código de Barras Date last seen Date checked out Ejemplar Price effective from Forma de adquisición Tipo de material
    Dewey Decimal Classification     General Inventariado 2017 Bogotá Bogotá 12/06/2017 Instituto 39000.00 1 LB-635 R31a 041421 10/11/2017 10/11/2017 Ej. 1 12/06/2017 Donación Libro
    Dewey Decimal Classification     General   Bogotá Bogotá 05/01/2018       LB-635 R31a 043453 05/01/2018   Ej. 2 05/01/2018 Donación Libro